[Event "45th Olympiad 2024"]
[Site "Budapest HUN"]
[Date "2024.09.11"]
[Round "1.1"]
[Board "1"]
[White "Sanchez Alvarez, Roberto Carlos"]
[Black "So, Wesley"]
[Result "1/2-1/2"]
[WhiteTitle "IM"]
[BlackTitle "GM"]
[WhiteElo "2376"]
[BlackElo "2752"]
[WhiteTeam "Panama"]
[BlackTeam "United States of America"]
[WhiteFideId "3508684"]
[BlackFideId "5202213"]
[EventDate "2024.09.11"]

1. d4 Nf6 2. c4 e6 3. Nc3 Bb4 4. e3 O-O 5. Bd3 d5 6. Nf3 dxc4 7. Bxc4 c5 8. O-O
Nc6 9. a3 Ba5 10. Qd3 a6 11. Rd1 b5 12. Ba2 Bb7 13. Qe2 cxd4 14. exd4 Bxc3 15.
bxc3 Ne7 16. c4 bxc4 17. Bxc4 Ng6 18. Ne5 Ne4 19. Nxg6 hxg6 20. Bb2 Re8 21. Rac1
Qb6 22. f3 Nd6 23. Kh1 Rab8 24. Bc3 Nxc4 25. Qxc4 Rec8 26. Qe2 Bd5 27. Qd2 Qb3
28. Bb4 a5 29. Bd6 Ra8 30. h3 f6 31. Kh2 g5 32. Rxc8+ Rxc8 33. Rc1 Rd8 34. Bc7
Ra8 35. Bd6 Qb6 36. Bc7 Qb7 37. Rc3 a4 38. Qc1 Rc8 39. Bd6 Bc6 40. Bg3 Bd7 41.
Rxc8+ 1/2-1/2

[Event "45th Olympiad 2024"]
[Site "Budapest HUN"]
[Date "2024.09.11"]
[Round "1.1"]
[Board "2"]
[White "Dominguez Perez, Leinier"]
[Black "Delgado Rosas, Alex Antonio"]
[Result "1-0"]
[WhiteTitle "GM"]
[BlackTitle "CM"]
[WhiteElo "2748"]
[BlackElo "2157"]
[WhiteTeam "United States of America"]
[BlackTeam "Panama"]
[WhiteFideId "3503240"]
[BlackFideId "6602150"]
[EventDate "2024.09.11"]

1. e4 e5 2. Nf3 Nf6 3. Nxe5 d6 4. Nf3 Nxe4 5. d4 d5 6. Bd3 Bd6 7. O-O O-O 8. c4
c6 9. Re1 Bf5 10. Ng5 Nd7 11. cxd5 cxd5 12. Qf3 Bg6 13. Nxe4 dxe4 14. Bxe4 Re8
15. Nc3 Qb6 16. Rd1 Nf6 17. Bxg6 hxg6 18. g3 Rad8 19. Bg5 Bb4 20. Bxf6 Qxf6 21.
Qxb7 Rb8 22. Qxa7 Bxc3 23. bxc3 Rb2 24. Rf1 Ree2 25. Qa8+ Kh7 26. Qg2 g5 27. a4
g6 28. a5 Qa6 29. Qf3 Kg7 30. Rae1 Red2 31. Re7 Qc4 32. a6 Rd3 33. Rxf7+ 1-0

[Event "45th Olympiad 2024"]
[Site "Budapest HUN"]
[Date "2024.09.11"]
[Round "1.1"]
[Board "4"]
[White "Robson, Ray"]
[Black "Baules Rodriguez, Jorge Luis"]
[Result "1-0"]
[WhiteTitle "GM"]
[BlackTitle "IM"]
[WhiteElo "2700"]
[BlackElo "2271"]
[WhiteTeam "United States of America"]
[BlackTeam "Panama"]
[WhiteFideId "2023970"]
[BlackFideId "6600247"]
[EventDate "2024.09.11"]

1. e4 c5 2. Nf3 d6 3. d4 cxd4 4. Nxd4 Nf6 5. Nc3 g6 6. Be3 Bg7 7. f3 O-O 8. Qd2
Nc6 9. Bc4 Bd7 10. O-O-O Rc8 11. Be2 Nxd4 12. Bxd4 Qa5 13. Kb1 Rfe8 14. g4 Be6
15. a3 a6 16. h4 b5 17. h5 b4 18. axb4 Qxb4 19. Nd5 Qa4 20. b3 Qa3 21. hxg6 hxg6
22. g5 Nh5 23. Bxg7 Kxg7 24. f4 Bxd5 25. exd5 Rh8 26. Bg4 Rcd8 27. Qd4+ Kg8 28.
f5 Qc5 29. Qb2 Rh7 30. fxg6 fxg6 31. Be6+ Kf8 32. Rdf1+ 1-0

[Event "45th Olympiad 2024"]
[Site "Budapest HUN"]
[Date "2024.09.11"]
[Round "1.2"]
[Board "1"]
[White "Giron, Jorge Ernesto"]
[Black "Leko, Peter"]
[Result "0-1"]
[WhiteTitle "IM"]
[BlackTitle "GM"]
[WhiteElo "2276"]
[BlackElo "2666"]
[WhiteTeam "El Salvador"]
[BlackTeam "Hungary"]
[WhiteFideId "6702309"]
[BlackFideId "703303"]
[EventDate "2024.09.11"]

1. d4 Nf6 2. c4 e6 3. g3 Bb4+ 4. Nd2 O-O 5. Nf3 d5 6. Bg2 b6 7. O-O Bb7 8. a3
Be7 9. Ne5 c5 10. dxc5 bxc5 11. b4 cxb4 12. axb4 Bxb4 13. Qb3 a5 14. Ba3 Na6 15.
Rfd1 Nc5 16. Qc2 Qe7 17. Rdb1 Bxa3 18. Rxa3 a4 19. Rba1 Rfc8 20. Nd3 Nfd7 21.
Qb2 Rab8 22. Qa2 d4 23. f4 Bxg2 24. Kxg2 f6 25. Re1 e5 26. fxe5 fxe5 27. Nxc5
Nxc5 28. Rf3 h6 29. Qa3 Qb7 30. Rb1 Qc6 31. Rf1 Rb7 32. Kg1 Rcb8 33. Rf5 Rb2 34.
Rxe5 Nd7 35. Rb5 Rxd2 36. Rxb8+ Nxb8 37. Qf8+ Kh7 38. Qxb8 d3 39. Qf4 Rxe2 40.
Qf5+ Qg6 41. Qf3 a3 42. c5 Qe4 43. Qxe4+ Rxe4 44. Rd1 a2 45. Kf2 d2 0-1

[Event "45th Olympiad 2024"]
[Site "Budapest HUN"]
[Date "2024.09.11"]
[Round "1.2"]
[Board "2"]
[White "Sjugirov, Sanan"]
[Black "Chavez, Ricardo Ernesto"]
[Result "1-0"]
[WhiteTitle "GM"]
[BlackTitle "FM"]
[WhiteElo "2644"]
[BlackElo "2185"]
[WhiteTeam "Hungary"]
[BlackTeam "El Salvador"]
[WhiteFideId "4189302"]
[BlackFideId "6700098"]
[EventDate "2024.09.11"]

1. e4 c5 2. Nf3 e6 3. d4 cxd4 4. Nxd4 a6 5. Bd3 Nf6 6. O-O Qc7 7. Qe2 d6 8. c4
g6 9. Nc3 Bg7 10. Nf3 O-O 11. Rd1 Nc6 12. Bf4 Ng4 13. Qd2 Nge5 14. Be2 Nxf3+ 15.
Bxf3 Nd4 16. Be2 Nxe2+ 17. Qxe2 Bxc3 18. Bxd6 Qb6 19. Bxf8 Qxb2 20. Qxb2 Bxb2
21. Rd8 Bf6 22. Re8 h5 23. Be7+ Kg7 24. Bxf6+ Kxf6 25. Rd1 1-0

[Event "45th Olympiad 2024"]
[Site "Budapest HUN"]
[Date "2024.09.11"]
[Round "1.2"]
[Board "3"]
[White "Arias, Daniel"]
[Black "Berkes, Ferenc"]
[Result "0-1"]
[WhiteTitle "FM"]
[BlackTitle "GM"]
[WhiteElo "2213"]
[BlackElo "2605"]
[WhiteTeam "El Salvador"]
[BlackTeam "Hungary"]
[WhiteFideId "6700640"]
[BlackFideId "718572"]
[EventDate "2024.09.11"]

1. e4 c6 2. d4 d5 3. e5 Bf5 4. Nf3 e6 5. Be2 Ne7 6. O-O h6 7. a4 a5 8. Na3 Bh7
9. c4 Na6 10. Bd2 Nb4 11. Rc1 dxc4 12. Nxc4 Ned5 13. Qb3 Be7 14. Rfd1 O-O 15.
Bf1 Bg6 16. g3 Kh8 17. Be1 Bh5 18. Bg2 b5 19. Bxb4 Nxb4 20. Ne3 Qb6 21. axb5
cxb5 22. g4 Bg6 23. d5 a4 24. Qc3 exd5 25. Qc7 Bd8 26. Qxb6 Bxb6 27. Nxd5 Nxd5
28. Rxd5 Rfc8 29. Rf1 Rab8 30. Nh4 Bc2 31. Rd7 Bb3 32. Nf5 Rc2 33. Nd6 Rxb2 34.
Nxf7+ Kg8 35. Nd6 a3 36. Nxb5 a2 37. Nc3 Rxf2 0-1

[Event "45th Olympiad 2024"]
[Site "Budapest HUN"]
[Date "2024.09.11"]
[Round "1.2"]
[Board "4"]
[White "Gledura, Benjamin"]
[Black "Morales Carlos"]
[Result "1-0"]
[WhiteTitle "GM"]
[BlackTitle "FM"]
[WhiteElo "2628"]
[BlackElo "2131"]
[WhiteTeam "Hungary"]
[BlackTeam "El Salvador"]
[WhiteFideId "712779"]
[BlackFideId "6706754"]
[EventDate "2024.09.11"]

1. c4 e5 2. Nc3 Nf6 3. Nf3 Nc6 4. e3 Bb4 5. Qc2 O-O 6. Nd5 Re8 7. a3 Bf8 8. Qf5
Nxd5 9. cxd5 d6 10. Qc2 Ne7 11. Bc4 Bf5 12. e4 Bg4 13. Qb3 Rb8 14. a4 Ng6 15. h3
Bd7 16. g3 a5 17. d3 Be7 18. Bd2 b6 19. h4 Nf8 20. Rc1 Bg4 21. Nh2 Bd7 22. Nf1
Ra8 23. Be3 Bc8 24. Bb5 Nd7 25. Bc6 Ra7 26. Nd2 Rf8 27. Nc4 Ba6 28. Nxa5 Nc5 29.
Bxc5 dxc5 30. Nc4 Bxc4 31. dxc4 Bd6 32. Qe3 Qf6 33. b3 h6 34. Kd2 Qg6 35. Rhf1
Qg4 36. Rce1 Be7 37. Kc2 Ra6 38. Qe2 Qg6 39. Qd3 Ra5 40. f4 exf4 41. Rxf4 f6 42.
e5 Qxd3+ 43. Kxd3 fxe5 44. Rxf8+ Bxf8 45. Rxe5 Bd6 46. Re3 Ra7 47. Ke4 Kf7 48.
Rf3+ Ke7 49. g4 g5 50. hxg5 hxg5 1-0

[Event "45th Olympiad 2024"]
[Site "Budapest HUN"]
[Date "2024.09.11"]
[Round "1.3"]
[Board "1"]
[White "Praggnanandhaa, R"]
[Black "Tissir, Mohamed"]
[Result "1-0"]
[WhiteTitle "GM"]
[BlackTitle "IM"]
[WhiteElo "2750"]
[BlackElo "2355"]
[WhiteTeam "India"]
[BlackTeam "Morocco"]
[WhiteFideId "25059530"]
[BlackFideId "9000240"]
[EventDate "2024.09.11"]

1. e4 c5 2. Nf3 d6 3. d4 cxd4 4. Nxd4 Nf6 5. Nc3 Nc6 6. Bg5 e6 7. Qd2 a6 8. Nxc6
bxc6 9. O-O-O Be7 10. Bxf6 gxf6 11. Bc4 O-O 12. Qh6 Kh8 13. Rd3 Rg8 14. Rh3 Rg7
15. f4 Qg8 16. Rg3 Rb8 17. Qh5 Rb4 18. Bd3 c5 19. a3 Rb8 20. Rf1 Rg6 21. Rff3
Qg7 22. Rh3 Bb7 23. Rfg3 Rg8 24. Kb1 a5 25. f5 Rxg3 26. hxg3 exf5 27. Nd5 Bxd5
28. exd5 Re8 29. Bxf5 h6 30. Qe2 Qf8 1-0

[Event "45th Olympiad 2024"]
[Site "Budapest HUN"]
[Date "2024.09.11"]
[Round "1.3"]
[Board "3"]
[White "Vidit, Santosh Gujrathi"]
[Black "Ouakhir, Mehdi Pierre"]
[Result "1-0"]
[WhiteTitle "GM"]
[BlackTitle "FM"]
[WhiteElo "2720"]
[BlackElo "2191"]
[WhiteTeam "India"]
[BlackTeam "Morocco"]
[WhiteFideId "5029465"]
[BlackFideId "9000437"]
[EventDate "2024.09.11"]

1. e4 e5 2. Nf3 Nc6 3. Bb5 d6 4. d4 Bd7 5. Bxc6 Bxc6 6. Nc3 Nf6 7. Qe2 exd4 8.
Nxd4 Bd7 9. Bf4 Be7 10. O-O-O O-O 11. Rhg1 b5 12. Ndxb5 Re8 13. g4 Rb8 14. Nd4
Qc8 15. g5 Ng4 16. Nf5 Bxf5 17. exf5 Ne5 18. Bxe5 dxe5 19. f6 Bf8 20. fxg7 Bxg7
21. Qc4 Qf5 22. Ne4 Qf4+ 23. Kb1 Rb6 24. Rd7 Rbe6 25. h4 Kh8 26. Rxc7 a5 27. a3
h6 28. Rd1 1-0

[Event "45th Olympiad 2024"]
[Site "Budapest HUN"]
[Date "2024.09.11"]
[Round "1.3"]
[Board "4"]
[White "Moayad, Anas"]
[Black "Harikrishna, Pentala"]
[Result "0-1"]
[BlackTitle "GM"]
[WhiteElo "2016"]
[BlackElo "2686"]
[WhiteTeam "Morocco"]
[BlackTeam "India"]
[WhiteFideId "9011900"]
[BlackFideId "5007003"]
[EventDate "2024.09.11"]

1. e4 c5 2. Nf3 Nc6 3. Bb5 d6 4. O-O Bd7 5. Re1 Nf6 6. c3 a6 7. Bf1 Bg4 8. h3
Bxf3 9. Qxf3 g6 10. a4 Bg7 11. Na3 O-O 12. Qd1 Nd7 13. Nc2 Qb6 14. d3 Rab8 15.
Ne3 Qd8 16. Qc2 b5 17. axb5 axb5 18. Bd2 Qc8 19. f4 e6 20. Kh1 b4 21. Reb1 Qc7
22. Ra6 Nb6 23. Be2 Qb7 24. Raa1 d5 25. exd5 exd5 26. Bf3 Qd7 27. Bg4 Qd6 28. f5
d4 29. Nc4 Nxc4 30. dxc4 dxc3 31. bxc3 b3 32. Qc1 Qd3 33. Bd1 Qf1+ 0-1

[Event "45th Olympiad 2024"]
[Site "Budapest HUN"]
[Date "2024.09.11"]
[Round "1.4"]
[Board "2"]
[White "Yu, Yangyi"]
[Black "Araujo Sanchez, Josue"]
[Result "1-0"]
[WhiteTitle "GM"]
[BlackTitle "IM"]
[WhiteElo "2703"]
[BlackElo "2296"]
[WhiteTeam "China"]
[BlackTeam "Dominican Republic"]
[WhiteFideId "8603820"]
[BlackFideId "6416896"]
[EventDate "2024.09.11"]

1. e4 c6 2. d4 a6 3. Nd2 d5 4. e5 c5 5. Ngf3 Nc6 6. dxc5 Bg4 7. h3 Bxf3 8. Nxf3
e6 9. Be3 Qc7 10. c3 Nxe5 11. Nxe5 Qxe5 12. Qa4+ Kd8 13. O-O-O Qc7 14. b4 Ne7
15. c4 Qc6 16. Qa5+ Kc8 17. Be2 g6 18. Bf3 Bg7 19. Rhe1 Rd8 20. Bf4 Bf6 21. cxd5
Nxd5 22. Rxd5 1-0

[Event "45th Olympiad 2024"]
[Site "Budapest HUN"]
[Date "2024.09.11"]
[Round "1.4"]
[Board "3"]
[White "Camacho Campusano, David Daniel"]
[Black "Bu, Xiangzhi"]
[Result "0-1"]
[WhiteTitle "FM"]
[BlackTitle "GM"]
[WhiteElo "2219"]
[BlackElo "2693"]
[WhiteTeam "Dominican Republic"]
[BlackTeam "China"]
[WhiteFideId "6408885"]
[BlackFideId "8601445"]
[EventDate "2024.09.11"]

1. e4 c5 2. Nf3 d6 3. d4 cxd4 4. Nxd4 Nf6 5. Nc3 a6 6. Bg5 Nbd7 7. Qd2 e6 8. f3
h6 9. Be3 b5 10. a3 Bb7 11. O-O-O Rc8 12. g4 Ne5 13. g5 hxg5 14. Bxg5 Qc7 15.
Kb1 Nfd7 16. f4 Nc4 17. Bxc4 Qxc4 18. Rhe1 Nb6 19. e5 b4 20. axb4 Qxb4 21. Ne4
Qxd2 22. Rxd2 Nc4 23. Rde2 Bxe4 24. Rxe4 Nd2+ 25. Kc1 Nxe4 26. Rxe4 Rxh2 27.
exd6 f6 28. f5 fxg5 0-1

[Event "45th Olympiad 2024"]
[Site "Budapest HUN"]
[Date "2024.09.11"]
[Round "1.4"]
[Board "4"]
[White "Wang, Yue"]
[Black "Jimenez Jimenez, Leandro"]
[Result "1-0"]
[WhiteTitle "GM"]
[BlackTitle "FM"]
[WhiteElo "2637"]
[BlackElo "2188"]
[WhiteTeam "China"]
[BlackTeam "Dominican Republic"]
[WhiteFideId "8601429"]
[BlackFideId "6415253"]
[EventDate "2024.09.11"]

1. d4 Nf6 2. c4 e6 3. Nc3 d5 4. cxd5 exd5 5. Bg5 Nbd7 6. e3 Bb4 7. Bd3 h6 8. Bh4
g5 9. Bg3 Ne4 10. Bxe4 dxe4 11. Ne2 Nb6 12. h4 Bg4 13. Qc2 f5 14. hxg5 Bxe2 15.
Qxe2 Qd5 16. Be5 O-O-O 17. Bxh8 Rxh8 18. gxh6 Na4 19. Qc2 Qc6 20. Rc1 Nb6 21.
Qb3 Nd5 22. Kd1 Bxc3 23. bxc3 f4 24. c4 Nf6 25. Qb5 Qe6 26. Qe5 Qg4+ 27. Kc2 Re8
28. Qxf6 Re6 29. Qf8+ Kd7 30. Qg7+ 1-0

[Event "45th Olympiad 2024"]
[Site "Budapest HUN"]
[Date "2024.09.11"]
[Round "1.5"]
[Board "1"]
[White "Abdusattorov, Nodirbek"]
[Black "Johnson, Joshua"]
[Result "1-0"]
[WhiteTitle "GM"]
[BlackTitle "FM"]
[WhiteElo "2766"]
[BlackElo "2267"]
[WhiteTeam "Uzbekistan"]
[BlackTeam "Trinidad & Tobago"]
[WhiteFideId "14204118"]
[BlackFideId "7700768"]
[EventDate "2024.09.11"]

1. e4 e5 2. Nf3 Nc6 3. Bc4 Nf6 4. d3 Bc5 5. c3 d6 6. b4 Bb6 7. a4 a5 8. b5 Ne7
9. Nbd2 O-O 10. O-O Ng6 11. d4 Bg4 12. Qc2 Re8 13. h3 Be6 14. dxe5 Nxe5 15. Nxe5
dxe5 16. Rd1 Qe7 17. Ba3 Bc5 18. Bxe6 fxe6 19. Bc1 Rad8 20. Re1 Rf8 21. Nf3 Bd6
22. Be3 b6 23. Rad1 Rde8 24. Nd2 Bc5 25. Nc4 Bxe3 26. Rxe3 Qc5 27. Nb2 Rd8 28.
Nd3 Qd6 29. Ree1 Rd7 30. Kh2 g5 31. Qc1 Rg7 32. Qe3 Qa3 33. Nxe5 Qxa4 34. Qd3
Qa3 35. Qc4 Qe7 36. Nc6 Qf7 37. Nd8 Ng4+ 38. hxg4 Qf4+ 39. Kh1 Rg6 40. f3 Rh6+
41. Kg1 Rh3 42. Rd3 Qh2+ 43. Kf1 Qg3 44. gxh3 Rxf3+ 45. Ke2 1-0

[Event "45th Olympiad 2024"]
[Site "Budapest HUN"]
[Date "2024.09.11"]
[Round "1.5"]
[Board "2"]
[White "Cabralis, Quinn"]
[Black "Yakubboev, Nodirbek"]
[Result "1/2-1/2"]
[WhiteTitle "FM"]
[BlackTitle "GM"]
[WhiteElo "2169"]
[BlackElo "2666"]
[WhiteTeam "Trinidad & Tobago"]
[BlackTeam "Uzbekistan"]
[WhiteFideId "7700440"]
[BlackFideId "14203987"]
[EventDate "2024.09.11"]

1. e4 c5 2. Nf3 d6 3. d4 cxd4 4. Nxd4 Nf6 5. Nc3 a6 6. Rg1 b5 7. a4 b4 8. Nd5
Nxe4 9. Bc4 e6 10. Qe2 Nf6 11. Bg5 Be7 12. Nxe7 Qxe7 13. O-O-O h6 14. Bh4 Ra7
15. f4 Rc7 16. Rge1 d5 17. Bxd5 Qd6 18. Bg3 Nxd5 19. f5 Qe7 20. Bxc7 Nxc7 21.
Qc4 O-O 22. f6 Qd8 23. fxg7 Re8 24. Nxe6 Qxd1+ 25. Kxd1 Nxe6 26. Qh4 h5 27. Qxh5
Rd8+ 28. Kc1 Nxg7 29. Qg5 Nc6 30. Re3 Bf5 31. Rg3 Bg6 32. h4 Re8 33. h5 Re5 34.
Qf6 Re6 35. Qg5 Re5 36. Qf6 Re6 37. Qg5 1/2-1/2

[Event "45th Olympiad 2024"]
[Site "Budapest HUN"]
[Date "2024.09.11"]
[Round "1.5"]
[Board "3"]
[White "Vokhidov, Shamsiddin"]
[Black "Cupid, Kevin"]
[Result "1-0"]
[WhiteTitle "GM"]
[BlackTitle "FM"]
[WhiteElo "2650"]
[BlackElo "2201"]
[WhiteTeam "Uzbekistan"]
[BlackTeam "Trinidad & Tobago"]
[WhiteFideId "14204223"]
[BlackFideId "7700512"]
[EventDate "2024.09.11"]

1. e4 c6 2. d4 d5 3. e5 Bf5 4. h4 h5 5. Bd3 Bxd3 6. Qxd3 Qa5+ 7. Nd2 e6 8. Nf3
Qa6 9. c4 Nh6 10. O-O Nf5 11. Rd1 Be7 12. g3 c5 13. dxc5 Nc6 14. b4 Nxb4 15. Qc3
Bxc5 16. Nb3 Nxg3 17. Re1 Ne4 18. Rxe4 dxe4 19. Nxc5 Qc6 20. Qxb4 b6 21. Ng5
bxc5 22. Qb5 Rc8 23. Nxe4 O-O 24. Qxc6 Rxc6 25. Be3 Rfc8 26. a4 Ra6 27. a5 Kh7
28. Kg2 Kg6 29. Kf3 f5 30. Nxc5 Rac6 31. Nb7 a6 32. Nd6 R8c7 33. Rb1 f4 34. Rg1+
Kh7 35. Kxf4 Rxc4+ 36. Nxc4 Rxc4+ 37. Kg5 Re4 38. Kxh5 Rxe5+ 39. Rg5 Re4 40. Rc5
Ra4 41. Kg5 Ra1 42. Bd4 Rg1+ 43. Kf4 1-0

[Event "45th Olympiad 2024"]
[Site "Budapest HUN"]
[Date "2024.09.11"]
[Round "1.5"]
[Board "4"]
[White "Harper, Ryan"]
[Black "Vakhidov, Jakhongir"]
[Result "0-1"]
[WhiteTitle "FM"]
[BlackTitle "GM"]
[WhiteElo "2124"]
[BlackElo "2571"]
[WhiteTeam "Trinidad & Tobago"]
[BlackTeam "Uzbekistan"]
[WhiteFideId "7700156"]
[BlackFideId "14201801"]
[EventDate "2024.09.11"]

1. e4 c5 2. Nf3 Nc6 3. d4 cxd4 4. Nxd4 g6 5. c4 Nf6 6. Nc3 d6 7. Be2 Nxd4 8.
Qxd4 Bg7 9. O-O O-O 10. Qd3 a6 11. f3 Bd7 12. Be3 b5 13. cxb5 axb5 14. a3 Rb8
15. b4 Qc7 16. Bd4 Bc6 17. Rfc1 Qd8 18. a4 bxa4 19. b5 Bd7 20. Rxa4 Nh5 21. g3
Bxd4+ 22. Qxd4 Ng7 23. Rb1 Ne6 24. Qe3 Nc5 25. Rab4 Be6 26. b6 Qc8 27. R1b2 Qc6
28. Qd4 Rfc8 29. Kf2 Qb7 30. Na4 Ra8 31. Nc3 Ra3 32. Nd5 Bxd5 33. Qxd5 Qxd5 34.
exd5 Rb8 35. Bc4 Kg7 36. Ke2 Na4 37. R2b3 Rxb3 38. Bxb3 Nxb6 39. f4 Nd7 40. Rxb8
Nxb8 41. Ke3 Nd7 42. Kd4 f5 43. Bd1 Nf6 44. Bf3 Kh6 45. Be2 Ng4 46. h3 Nf6 47.
g4 fxg4 48. hxg4 g5 49. f5 Kg7 50. Bd1 h5 51. gxh5 Kh6 52. Be2 g4 53. Ke3 Kxh5
54. Kf4 Nxd5+ 55. Kg3 Nf6 0-1

[Event "45th Olympiad 2024"]
[Site "Budapest HUN"]
[Date "2024.09.11"]
[Round "1.6"]
[Board "1"]
[White "El Jawich, Amro"]
[Black "Giri, Anish"]
[Result "0-1"]
[WhiteTitle "FM"]
[BlackTitle "GM"]
[WhiteElo "2296"]
[BlackElo "2724"]
[WhiteTeam "Lebanon"]
[BlackTeam "Netherlands"]
[WhiteFideId "5300380"]
[BlackFideId "24116068"]
[EventDate "2024.09.11"]

1. e4 c5 2. Nc3 Nc6 3. Nge2 e6 4. g3 Nf6 5. Bg2 d6 6. d4 cxd4 7. Nxd4 Bd7 8. O-O
Be7 9. Nxc6 Bxc6 10. Qe2 O-O 11. Rd1 Nd7 12. Nb5 Bxb5 13. Qxb5 Qc7 14. c3 Ne5
15. Bf4 a6 16. Qe2 b5 17. Bxe5 dxe5 18. a4 b4 19. cxb4 Bxb4 20. Rac1 Qb6 21. Qe3
Qxe3 22. fxe3 g6 23. Bf1 a5 24. Bc4 Rfd8 25. Kf2 Rac8 26. b3 Bd2 27. Rb1 Rd6 28.
Ke2 Rcd8 29. Rb2 Bb4 30. Rxd6 Rxd6 31. Bd3 g5 32. h3 h5 33. Rb1 Kg7 34. Rd1 Rd8
35. Bc4 Rh8 36. Kf3 Rh6 37. Bd3 Bc5 38. Rc1 g4+ 39. hxg4 hxg4+ 40. Kxg4 Bxe3 41.
Rc2 Bd4 42. Rc4 Bf2 43. b4 axb4 44. Rxb4 Rg6+ 45. Kf3 Be1 46. Rb5 Rxg3+ 47. Ke2
Bc3 48. Rb3 Bd4 49. a5 Rg2+ 50. Kf3 Rf2+ 51. Kg3 Ra2 52. a6 Kg6 53. Kg4 Rg2+ 54.
Kh3 Ra2 55. Kg4 Rf2 56. Ra3 Ba7 57. Bc4 f5+ 58. Kg3 Kf6 59. Ra2 Rf4 60. Bd3 Rg4+
61. Kf3 Rh4 62. Kg3 Rh7 63. Rb2 f4+ 64. Kg4 Rg7+ 65. Kh4 Rg3 66. Bf1 Rg1 67. Bc4
Rc1 68. Be2 Rh1+ 69. Kg4 Rg1+ 70. Kh3 Rg3+ 71. Kh2 Re3 72. Bg4 Rxe4 73. Rb7 Be3
74. Rc7 Ra4 75. Rc6 e4 76. Bxe6 Ke5 77. Bc8 f3 78. Re6+ Kf4 79. Bb7 Bc5 80. Rc6
Ra2+ 81. Kh3 Ra1 82. Rf6+ Ke5 83. Rf7 f2 0-1

[Event "45th Olympiad 2024"]
[Site "Budapest HUN"]
[Date "2024.09.11"]
[Round "1.6"]
[Board "2"]
[White "Warmerdam, Max"]
[Black "Khoder, Akram"]
[Result "1-0"]
[WhiteTitle "GM"]
[BlackTitle "FM"]
[WhiteElo "2679"]
[BlackElo "2239"]
[WhiteTeam "Netherlands"]
[BlackTeam "Lebanon"]
[WhiteFideId "1048104"]
[BlackFideId "5306914"]
[EventDate "2024.09.11"]

1. c4 e5 2. d3 Nf6 3. Nf3 Nc6 4. a3 a5 5. Nc3 Bc5 6. Bg5 h6 7. Bxf6 Qxf6 8. g3
Nd4 9. Nd2 d6 10. e3 Ne6 11. b4 Ba7 12. Bg2 O-O 13. O-O c6 14. b5 Bd7 15. Rb1
Qe7 16. b6 Bb8 17. Nf3 d5 18. cxd5 cxd5 19. Nxd5 Qd6 20. Nd2 Bc6 21. Nc4 Qd7 22.
e4 Bxd5 23. exd5 Nd4 24. Re1 a4 25. Qh5 Ra6 26. Re4 Nb3 27. Re3 Bd6 28. Rbe1 Na5
29. Bh3 Qd8 30. Nxe5 Bxe5 31. Rxe5 Qd6 32. Re8 Ra8 33. Rxa8 Rxa8 34. Qg4 Nb3 35.
Qd7 Qxd7 36. Bxd7 Kf8 37. Kg2 g6 38. Bc6 Rd8 39. Bxb7 Rb8 40. Bc6 Rxb6 41. Re8+
Kg7 42. Ra8 Nd4 43. Rxa4 1-0

[Event "45th Olympiad 2024"]
[Site "Budapest HUN"]
[Date "2024.09.11"]
[Round "1.6"]
[Board "4"]
[White "Bok, Benjamin"]
[Black "Assaad, Joe"]
[Result "1-0"]
[WhiteTitle "GM"]
[WhiteElo "2596"]
[BlackElo "2150"]
[WhiteTeam "Netherlands"]
[BlackTeam "Lebanon"]
[WhiteFideId "1017063"]
[BlackFideId "5310504"]
[EventDate "2024.09.11"]

1. c4 b6 2. g3 Bb7 3. Nf3 e6 4. Bg2 c5 5. O-O Nf6 6. Nc3 Be7 7. d4 cxd4 8. Qxd4
Nc6 9. Qf4 O-O 10. Rd1 d6 11. b3 a6 12. Ba3 d5 13. cxd5 exd5 14. Bb2 Bd6 15. Qd2
Ne7 16. Nh4 Rc8 17. Rac1 Bc5 18. Na4 Ba8 19. Bxf6 gxf6 20. b4 Qd7 21. Nxc5 bxc5
22. bxc5 Qe6 23. Rc3 Rfe8 24. Re3 Qg4 25. Qc3 Nf5 26. Nxf5 Qxf5 27. Rxe8+ Rxe8
28. e3 Bc6 29. Qd3 Qxd3 30. Rxd3 Rd8 31. Rd4 f5 32. Kf1 Kg7 33. Ke2 Kf6 34. Kd2
Rb8 35. Bxd5 Bxd5 36. Rxd5 Rb2+ 37. Kc3 Rxa2 38. c6 Ra1 39. Kb2 Ra4 40. Kb3 Ra1
41. Rc5 Rb1+ 42. Ka4 Rb8 43. c7 Rc8 44. Ka5 1-0

[Event "45th Olympiad 2024"]
[Site "Budapest HUN"]
[Date "2024.09.11"]
[Round "1.7"]
[Board "1"]
[White "Christiansen, Johan-Sebastian"]
[Black "Lee, Junhyeok"]
[Result "1-0"]
[WhiteTitle "GM"]
[BlackTitle "IM"]
[WhiteElo "2661"]
[BlackElo "2364"]
[WhiteTeam "Norway"]
[BlackTeam "South Korea"]
[WhiteFideId "1512668"]
[BlackFideId "13202340"]
[EventDate "2024.09.11"]

1. e4 c5 2. Nf3 d6 3. d4 cxd4 4. Nxd4 Nf6 5. Nc3 a6 6. Bg5 Nbd7 7. Bc4 e6 8. Qe2
b5 9. Bb3 Qc7 10. O-O-O b4 11. Nd5 exd5 12. exd5+ Be7 13. Rde1 O-O 14. Qxe7 Re8
15. Qxe8+ Nxe8 16. Rxe8+ Nf8 17. Rhe1 Bb7 18. Rxa8 Bxa8 19. Re8 h6 20. Ne6 Qb7
21. Rxf8+ Kh7 22. Bc4 Kg6 23. Bd3+ Kh5 24. Be2+ Kg6 25. Bd3+ Kh5 26. h3 fxe6 27.
f4 1-0